| 000 | 02469cam a2200385 i 4500 | ||
|---|---|---|---|
| 001 | CoBPL903119327 | ||
| 003 | Ingram | ||
| 005 | 20260305133305.0 | ||
| 008 | 251219s2026 nyu e 000 1 eng d | ||
| 020 |
_a1250871778 _c$30.00 |
||
| 020 |
_a9781250871770 _q(hardcover) |
||
| 035 | _a(OCoLC)1538593637 | ||
| 040 |
_aTnLvILS _beng _erda _cTnLvILS _dTnLvILS _dCoBPL |
||
| 050 | 0 | 4 |
_aPS3558.U695 _bA84 2026 |
| 082 | 0 | 4 |
_a813/.54 _223 |
| 092 |
_afiction _bHurwitz, Gregg |
||
| 100 | 1 |
_aHurwitz, Gregg, _eauthor. _95837351 |
|
| 245 | 1 | 0 |
_aAntihero / _cGregg Hurwitz. |
| 250 | _aFirst edition. | ||
| 264 | 1 |
_aNew York : _bMinotaur Books, _c2026. |
|
| 300 |
_a402 pages ; _c25 cm. |
||
| 336 | _atext | ||
| 337 | _aunmediated | ||
| 338 | _avolume | ||
| 490 | 1 |
_aOrphan X ; _v11 |
|
| 520 | _a"...Evan Smoak takes on his most complex mission yet-one where he has to not only protect but also avenge, and find a way to balance vengeance with mercy. Once a black ops assassin for the government known as Orphan X, Evan Smoak broke with the program and went deep underground, using his operational rules and skills to help the truly desperate with nowhere else to turn. When Luke Devine, one of the most powerful men in the world has a psychological crisis, Evan flies to the East Coast to meet Luke. While there, he learns of a young woman who was kidnapped off the New York City subway, clearly in danger and in need of aid. With no name and few clues, Evan and his team track down the missing woman, who was assaulted and abandoned. Evan offers his help-and sets out tracking down the young men responsible. But the woman insists that Evan abandon his usual methods-no vengeance and, in particular, no killing. Which will prove no easy feat given the mounting incoming threats from all sides. In a mission that takes Evan from coast to coast, from the poorest corners of society to the richest, Orphan X must figure out a way to protect the innocent, avenge the victimized, and balance justice, with a measure of mercy"-- Provided by publisher. | ||
| 600 | 1 | 0 |
_aSmoak, Evan _c(Fictitious character) _vFiction. |
| 650 | 0 |
_aMissing persons _vFiction. |
|
| 650 | 0 |
_aVigilantes _vFiction. _95675922 |
|
| 650 | 0 |
_aAssault and battery _vFiction. _95695360 |
|
| 650 | 0 |
_aRevenge _vFiction. _95673795 |
|
| 655 | 7 |
_aThrillers (Fiction) _2lcgft. |
|
| 800 | 1 |
_aHurwitz, Gregg. _tOrphan X ; _v11. _96544560 |
|
| 942 |
_2ddc _cBOOK |
||
| 999 |
_c417023 _d417023 |
||